DATA STRUCTURE USING C (Record no. 8814)

MARC details
000 -LEADER
fixed length control field 00418nam a22001697a 4500
005 - DATE AND TIME OF LATEST TRANSACTION
control field 20250911115830.0
008 - FIXED-LENGTH DATA ELEMENTS--GENERAL INFORMATION
fixed length control field 250910b |||||||| |||| 00| 0 eng d
020 ## - INTERNATIONAL STANDARD BOOK NUMBER
ISBN 978-93-5497-719-0
041 ## - LANGUAGE CODE
Language code of text/sound track or separate title eng
082 ## - DEWEY DECIMAL CLASSIFICATION NUMBER
Classification number 005.73 THA-D
100 ## - MAIN ENTRY--AUTHOR NAME
Personal name THAREJA, REEMA
245 ## - TITLE STATEMENT
Title DATA STRUCTURE USING C
260 ## - PUBLICATION, DISTRIBUTION, ETC. (IMPRINT)
Place of publication NEW DELHI
Name of publisher OXFORD UNIVERSITY PRESS
Year of publication 2014
300 ## - PHYSICAL DESCRIPTION
Number of Pages 536;P
650 ## - SUBJECT ADDED ENTRY--TOPICAL TERM
Topical Term CS/IT
942 ## - ADDED ENTRY ELEMENTS (KOHA)
Koha item type Books
Holdings
Lost status Damaged status Collection code Home library Current library Shelving location Date acquired Source of acquisition Cost, normal purchase price Full call number Accession Number Koha item type
    MANAGEMENT JRU Library JRU Library SHELF-59-L 10/09/2025 PURCHASE 800.00 005.73 28844 Books
    CS/IT JRU Library JRU Library   10/09/2025 PURCHASE 800.00 005.73 28845 Books
    CS/IT JRU Library JRU Library SHELF-55-C 10/09/2025 PURCHASE 800.00 005.73 28846 Books
    MANAGEMENT JRU Library JRU Library SHELF-59-L 10/09/2025 PURCHASE 800.00 005.73 28847 Books
    CS/IT JRU Library JRU Library SHELF-55-C 10/09/2025 PURCHASE 800.00 005.73 28848 Books
    CS/IT JRU Library JRU Library SHELF-55-C 10/09/2025 PURCHASE 800.00 005.73 28849 Books